Govt. of
Madhya Pradesh

Astadhyayi of Panini (Record no. 15350)

MARC details
000 -LEADER
fixed length control field 003620000a22001570004500
001 - CONTROL NUMBER
control field 003449
003 - CONTROL NUMBER IDENTIFIER
control field MACL
040 ## - CATALOGING SOURCE
Original cataloging agency MACL
090 ## - LOCALLY ASSIGNED LC-TYPE CALL NUMBER (OCLC); LOCAL CALL NUMBER (RLIN)
-- 15442
-- 15441
100 ## - MAIN ENTRY--PERSONAL NAME
Personal name Joshi, S D
245 ## - TITLE STATEMENT
Title Astadhyayi of Panini
Remainder of title With Translation and Explanatory Notes
Statement of responsibility, etc. S D Joshi
260 ## - PUBLICATION, DISTRIBUTION, ETC. (IMPRINT)
Place of publication, distribution, etc. Sahitya Akademi
350 ## - PRICE (NR) (BK AM CF MU VM SE) [OBSOLETE]
Price 400
650 ## - SUBJECT ADDED ENTRY--TOPICAL TERM
Topical term or geographic name as entry element Bibliography
942 ## - ADDED ENTRY ELEMENTS (KOHA)
Call number prefix 10
Koha item type Library Membar
Holdings
Withdrawn status Lost status Source of classification or shelving scheme Damaged status Not for loan Home library Current library Date acquired Cost, normal purchase price Total Checkouts Full call number Barcode Date last seen Uniform Resource Identifier Price effective from Koha item type
          MACL MACL 15/04/2015 400.00   010 Book CRE019801 02/05/2024 15244 15/04/2015 Books